000
00237nam a2200097Ia 4500
001
682696
005
20250826161424.0
008
250824s9999 xx 000 0 und d
245
0
_a
YAĞMUR YÜKLÜ BULUTLAR
_c
ORHAN KEMAL
260
_b
EVEREST
999
_c
682696
_d
682696